Регионална библиотека "Любен Каравелов" - Русе

Ирландия (Запис номер 21496)

MARC детайли
000 -Лидер
Контролно поле с фиксирана дължина 01834nam a2200361 c 4500
003 - Код на организацията, давaща контролен номер
Контролно поле BLK
005 - Дата и час на последна редакция
Контролно поле 20210225101446.0
008 - Елементи от данни с фиксирана дължина
fixed length control field 180413b bul|||||r ||||||| ||bul||
010 ## - Наследен системен номер
LC control number KNG00023776000
020 ## - Международен стандартен номер на книга ISBN
Международен стандартен номер на книга ISBN 954-520-127-4
-- издат.: Отворено о-во
040 ## - Източник на каталожния запис
Идентификатор на билиотеката - собственик на записа BLK
041 ## - Код за език
Код за езика на текст/звукозапис или на отделно заглавие Български
Код за езика КДБФ Български
080 ## - УДК
Текстов определител УДК Социография. Социално положение. Условия на политическия и социалния живот. Социално и социално-икономическо положение на отделните страни, народи, раси. Социална география. (Общи въпроси)
УДК код - определител по УДК 308
УДК определител (417)
УДК - код + определител 308(417)
080 ## - УДК
Текстов определител УДК Цивилизация. Култура. Прогрес. История на културата вж 930.85
УДК код - определител по УДК 008
УДК определител (417)
УДК - код + определител 008(417)
100 1# - Редна дума - Автор
Автор Александров, Емил Ангелов
Авторска отговорност първи автор
R(LIN) 255574
139 ## - Редно поле
Редна дума Александров, Емил Ангелов
Авторски знак Алекс - А 51
245 10 - Сведения за заглавието
Заглавие Ирландия
Подзаглавни данни Детелина, арфа и светци
Редно поле (дума) Емил Ангелов Александров.
257 ## - Страна на издаване
Страна на създаване/издаване България
260 ## - Област на издателските данни
-- София
Име на издателя, разпространителя и проч. Отворено о-во
Година на издаване 1998
Печатница София : Д. Благоев
300 ## - Физическа характеристика
Страници 168 с., 8 л.
Илюстрации и др. цв. ил., сх.
Размери/Мащаб 22 см
380 ## - Жанр
Жанр Обществени науки
490 1# - СЕРИИ (Колекции)
Име на серия Очерци за европейските страни
650 #4 - Допълнително описание по предмет – тема
Основно описание – тема или топоним Социално-икономическо положение - Ирландия
9 (RLIN) 265711
650 #4 - Допълнително описание по предмет – тема
Основно описание – тема или топоним Култура - Ирландия
9 (RLIN) 265712
651 #4 - Допълнително описание по предмет - топоним
Географско понятие Ирландия
9 (RLIN) 257553
653 ## - Ключова дума – ненормативна
Ключова дума Ирландия
653 ## - Ключова дума – ненормативна
Ключова дума социално-икономическо развитие
852 ## - Местоположение
Форматна сигнатура Цб 197808
856 4# - Електронен адрес и достъп
Електронен формат pdf - файл
Път до файла /url/
856 4# - Електронен адрес и достъп
Електронен формат pdf - файл
Път до файла /url/
942 ## - АРТИКУЛИ
Вид на библиотечния материал Книги
Скрит в OPAC Не
Koha issues (borrowed), all copies 2
944 ## - СЪЗДАВАНЕ И РЕДАКЦИЯ на ЗАПИСА
Създаване/Редакция Създаване
Дата на регистрацията/редакция 15.01.2003
Служител, извършил регистрацията/редакцията Геновева_Генчева
944 ## - СЪЗДАВАНЕ И РЕДАКЦИЯ на ЗАПИСА
Създаване/Редакция Редакция
Дата на регистрацията/редакция 10.03.2014
Служител, извършил регистрацията/редакцията
999 ## - СИСТЕМНИ КОНТРОЛНИ НОМЕРА
Koha biblionumber 21496
Koha biblioitemnumber 21496
Наличности
Код за отписване Код за изгубен артикул Източник на класификационната схема Код за повреда Коз за рестрикции Код за отдаване Артикулен № Име на библиотеката - собственик Име на библиотеката, в която се намира в момента Статус (Текущо местоположение) Дата на вписване в системата Местоположение - отдел Цена в лева Инвентарен номер Систематично азбучна сигнатура Баркод Номер на екземпляра Цена в евро Служебна бележка Служебен тип на артикула
  Не е изгубен Universal Decimal Classification Не е повреден без рестрикции ползва се в читалня 35515 Регионална библиотека "Любен Каравелов" Русе Регионална библиотека "Любен Каравелов" Русе Хранилище 2001-01-01 Хранилище 0.00 643745 Цб 197808 120000643745 1 0.00 Дост: Dp Вид: Д N: стар фонд Дата: 01.01.1998 Книги
Изтеглен Не е изгубен Universal Decimal Classification Не е повреден без рестрикции заемане за дома 35516 Регионална библиотека "Любен Каравелов" Русе Регионална библиотека "Любен Каравелов" Русе Заемна - подръчен фонд 2001-01-01 Заемна - подръчен фонд 8.00 642107 П 308(4)/А 51 642107 2 4.09 Дост: Pk Вид: Ф N: стар фонд Дата: 01.01.1998 Дата инв: 02.02.2018 Бележки инв: П2018 Книги
  Не е изгубен Universal Decimal Classification Не е повреден без рестрикции ползва се в читалня 35517 Регионална библиотека "Любен Каравелов" Русе Регионална библиотека "Любен Каравелов" Русе Читалня 2001-01-01 Читалня 8.00 642108 Ч 308/А 51 120000642108 3 4.09 Дост: Pk Вид: Ф N: стар фонд Дата: 01.01.1998 Дата инв: 30.03.2017 Бележки инв: Ч2017 Книги
Изтеглен Не е изгубен Universal Decimal Classification Не е повреден без рестрикции заемане за дома 35518 Регионална библиотека "Любен Каравелов" Русе Регионална библиотека "Любен Каравелов" Русе Детски отдел 2001-01-01 Детски отдел 8.00 642109 ДН 308(4)/А 51 642109 4 4.09 Дост: Pk Вид: Ф N: стар фонд Дата: 01.01.1998 Дата инв: 20.08.2015 Бележки инв: Д2015 Книги
Vip Innovations Ltd, Rousse, Bulgaria 2025